000
00328nam a2200133Ia 4500
008
150301s2010 xx 000 0 und d
082
_a
610.7
_b
N10R
100
_a
ROY, SURESH
245
_a
NURSES ROLE IN DISASTER MANAGEMENT
260
_b
C.B.S. DELHI
_c
2010
300
_a
250
650
_a
DISASTER MANAGEMENT
942
_2
ddc
_c
BK
999
_c
6824
_d
6824